000 00609nam a2200229Ia 4500
003 OSt
005 20221007075607.0
006 a|||||r|||| 00| 0
007 ta
008 221006b |||||||| |||| 00| 0 eng d
024 _a16,998
037 _cTextual
040 _aFLL
_cFLL
_beng
041 _2eng
_aeng
082 _aY11:7:7.2.N7, L9
100 _aSouza A.D. Ed.
_9694008
245 0 _aChildren in india
260 _aNew Delhi
_bManohar publications India
_c1979
300 _a262p
_ccm.
942 _hY11:7:7.2.N7, L9
_cTEXL
_2CC
999 _c1156675
_d1156675